Odiseo y el Ciclope
Сохранить в:
| Главные авторы: | , |
|---|---|
| Формат: | |
| Язык: | испанский |
| Опубликовано: |
Mendoza
Ediciones Culturales de Mendoza
1993
|
| Серии: | Colección Volver a Leer, 3
|
| Предметы: | |
| Метки: |
Добавить метку
Нет меток, Требуется 1-ая метка записи!
|
MARC
| LEADER | 00000nam a2200000 a 4500 | ||
|---|---|---|---|
| 001 | UCP2433 | ||
| 003 | CL-VaPUC | ||
| 008 | 990514e19930000AG |||||||||||||||||spa|d | ||
| 082 | 0 | 4 | |a 883 |b ROS |2 21 |
| 100 | 0 | |a Rosenbaum, ester |e author |9 429170 | |
| 700 | 0 | |a Sardi, Liliana |e author |9 429171 | |
| 245 | 1 | 0 | |a Odiseo y el Ciclope |
| 300 | |a 17 p | ||
| 942 | |c BK | ||
| 945 | |d 19990514 00:00:00 |a rbrito | ||
| 260 | |a Mendoza |b Ediciones Culturales de Mendoza |c 1993 | ||
| 650 | 0 | |a Mitología griega |9 265313 | |
| 650 | 0 | |a Tragedia griega |9 265362 | |
| 650 | 7 | |a CUENTOS GRIEGOS |2 CL-VaPUC |9 429156 | |
| 583 | |a last modification |c 19990514 00:00:00 |k Rodrigo Vera | ||
| 490 | 0 | |a Colección Volver a Leer, 3 | |
| 999 | |c 280962 |d 280960 | ||
| 952 | |0 0 |1 0 |4 0 |6 883_000000000000000_ROS_1993 |7 0 |8 A |9 321516 |a BIBEDU |b BIBEDU |d 2019-11-20 |i 3522016 |o 883 ROS 1993 |p 3522016 |r 2019-11-20 |w 2019-11-20 |y BK |k BME | ||